[Event "Waikato Open 2017"]
[Site "Hamilton NZL"]
[Date "2017.08.12"]
[Round "4"]
[White "Hague, Ben"]
[Black "Hart, Ralph"]
[Result "1-0"]
[WhiteElo "2326"]
[BlackElo "2142"]
[PlyCount "53"]
[EventDate "2017.08.11"]

1. e4 c5 2. Nf3 Nc6 3. d4 cxd4 4. Nxd4 Nf6 5. Nc3 e5 6. Ndb5 h6 7. Nd6+ Bxd6 8.
Qxd6 Qe7 9. Qxe7+ Kxe7 10. Be3 d6 11. f3 Be6 12. O-O-O Rhc8 13. Kb1 a6 14. Nd5+
Bxd5 15. exd5 Nb8 16. g4 Nbd7 17. h4 b5 18. g5 hxg5 19. hxg5 Ne8 20. f4 Nc7 21.
fxe5 Nxe5 22. Bf4 Ne8 23. Re1 g6 24. Rh7 Kf8 25. Bg2 Rd8 26. Bxe5 dxe5 27. d6
1-0

[Event "Waikato Open 2017"]
[Site "Hamilton NZL"]
[Date "2017.08.12"]
[Round "4"]
[White "Polishchuk, Kirill"]
[Black "Steadman, Michael V R"]
[Result "1/2-1/2"]
[WhiteElo "2132"]
[BlackElo "2194"]
[PlyCount "46"]
[EventDate "2017.08.11"]

1. e4 e6 2. d4 d5 3. exd5 exd5 4. Bd3 Nc6 5. c3 Bd6 6. h3 Nge7 7. Qh5 g6 8. Qf3
Be6 9. Ne2 Qd7 10. Bg5 f5 11. b4 h6 12. Bf6 Rh7 13. Nd2 Rf7 14. Bxe7 Nxe7 15.
Nb3 b6 16. a3 c6 17. Nf4 g5 18. Nxe6 Qxe6+ 19. Qe2 Qxe2+ 20. Bxe2 Kd7 21. Kd2
Ng8 22. Bd3 Re8 23. Rhe1 Rxe1 1/2-1/2

[Event "Waikato Open 2017"]
[Site "Hamilton NZL"]
[Date "2017.08.12"]
[Round "4"]
[White "Li, Shenyue (Sherry)"]
[Black "Ang, Alphaeus Wei Ern"]
[Result "0-1"]
[WhiteElo "2038"]
[BlackElo "2141"]
[PlyCount "98"]
[EventDate "2017.08.11"]

1. f4 g5 2. d4 gxf4 3. Bxf4 Bg7 4. Nc3 d5 5. Nf3 c5 6. e4 dxe4 7. Ng5 h6 8.
Nxf7 Kxf7 9. Bc4+ Kf8 10. Qh5 Qe8 11. Qxe8+ Kxe8 12. Nd5 cxd4 13. Nc7+ Kd7 14.
Nxa8 e5 15. Bg3 Nc6 16. O-O Nf6 17. Bb5 Re8 18. c3 d3 19. Bf2 b6 20. Nxb6+ axb6
21. Bxb6 Bb7 22. a4 Nd5 23. Bc5 Ke6 24. Bc4 Nce7 25. b4 Rc8 26. Bb3 e3 27. c4
Nf4 28. Bxe3 Nxg2 29. c5+ Bd5 30. Bxd5+ Nxd5 31. Bxh6 Bxh6 32. Kxg2 Ne3+ 33.
Kg3 Rg8+ 34. Kf2 Rf8+ 35. Kg1 Rxf1+ 36. Rxf1 Nxf1 37. Kxf1 Bd2 38. b5 e4 39. a5
Bxa5 40. Kf2 Bd2 41. b6 Kd7 42. b7 Kc7 43. c6 e3+ 44. Kf3 e2 45. h4 e1=Q 46. h5
Qe2+ 47. Kg3 Qxh5 48. Kf2 Bf4 49. Kf1 Qe2+ 0-1

[Event "Waikato Open 2017"]
[Site "Hamilton NZL"]
[Date "2017.08.12"]
[Round "4"]
[White "Burns, Christopher J"]
[Black "Smith, Robert W"]
[Result "0-1"]
[WhiteElo "1969"]
[BlackElo "2255"]
[PlyCount "120"]
[EventDate "2017.08.11"]

1. b4 d5 2. e3 e5 3. Bb2 Nd7 4. a3 Ngf6 5. d3 Bd6 6. Nd2 Qe7 7. Ne2 a5 8. b5
O-O 9. Ng3 Nb6 10. a4 c6 11. bxc6 bxc6 12. Be2 Bd7 13. c3 Rfb8 14. Qc2 c5 15.
Bc1 Qe8 16. Bd1 g6 17. O-O Rc8 18. c4 Bf8 19. e4 d4 20. Qa2 Bc6 21. f4 exf4 22.
Rxf4 Nfd7 23. Bc2 Ne5 24. h3 Rcb8 25. Rf1 Bh6 26. Qa3 Be3+ 27. Kh2 Nbd7 28. Nb3
Bxc1 29. Nxc1 Qe7 30. Nce2 Rb4 31. Ra2 Rab8 32. Qc1 Kg7 33. Nf4 Qh4 34. Qe1 Kh8
35. Nfe2 Rb2 36. Rxb2 Rxb2 37. Qc1 Rb4 38. Rf4 Qe7 39. Qd1 Nb6 40. Qf1 Kg7 41.
Rf2 Bxa4 42. Bxa4 Rxa4 43. Nf4 Kg8 44. Nd5 Nxd5 45. exd5 Rb4 46. Ne4 f5 47. Nd2
Qd6 48. Kg1 h5 49. Re2 Rb8 50. Qf4 Nxc4 51. Qg5 Ne3 52. g3 Kg7 53. Nc4 Qxd5 54.
Nxe3 dxe3 55. Qe7+ Kg8 56. Rxe3 Rb1+ 57. Kf2 Rb2+ 58. Re2 Qd4+ 59. Kf3 Qxd3+
60. Re3 Qf1# 0-1

[Event "Waikato Open 2017"]
[Site "Hamilton NZL"]
[Date "2017.08.12"]
[Round "4"]
[White "Seabrook, Roy"]
[Black "Van den Heuvel, Arnold"]
[Result "1-0"]
[WhiteElo "1814"]
[BlackElo "1828"]
[PlyCount "99"]
[EventDate "2017.08.11"]

1. c4 Nf6 2. Nf3 g6 3. b3 Bg7 4. Bb2 O-O 5. g3 d6 6. Bg2 c5 7. O-O Nc6 8. d3
Rb8 9. Nbd2 a6 10. Qc1 Bd7 11. d4 cxd4 12. Nxd4 Nxd4 13. Bxd4 Qa5 14. Qb2 Bc6
15. e4 Qh5 16. Bf3 Qh3 17. Bg2 Qh5 18. h4 Rfd8 19. Bf3 Qa5 20. Bc3 Qc7 21. e5
dxe5 22. Bxe5 Qc8 23. Rad1 Ne8 24. Ne4 Qe6 25. Bxg7 Nxg7 26. Nc5 Qc8 27. Rxd8+
Qxd8 28. Bxc6 bxc6 29. Nxa6 Ra8 30. Nb4 Qc7 31. a4 Nf5 32. Qc3 Rd8 33. Nc2 c5
34. Qf3 Rd2 35. Ne3 Nd4 36. Qa8+ Kg7 37. Qe4 Ne2+ 38. Kh1 Nxg3+ 39. fxg3 Qxg3
40. Ng2 Rd3 41. Qxe7 Rf3 42. Rxf3 Qxf3 43. Qe5+ f6 44. Qe7+ Kg8 45. Qe8+ Kg7
46. Qd7+ Kf8 47. Qd6+ Kg7 48. Qe7+ Kg8 49. Qe3 Qd1+ 50. Kh2 1-0

[Event "Waikato Open 2017"]
[Site "Hamilton NZL"]
[Date "2017.08.12"]
[Round "4"]
[White "Nolan, Graham"]
[Black "Timergazi, Layla"]
[Result "1-0"]
[WhiteElo "1663"]
[BlackElo "2073"]
[PlyCount "75"]
[EventDate "2017.08.11"]

1. c4 Nf6 2. Nc3 g6 3. g3 Bg7 4. Bg2 d6 5. e3 e5 6. Nge2 O-O 7. O-O Nc6 8. a3
a5 9. d3 Ne8 10. Rb1 f5 11. Qc2 Be6 12. Nd5 g5 13. f4 g4 14. b4 axb4 15. axb4
Nf6 16. Nec3 Qd7 17. b5 Na5 18. b6 Nxd5 19. Nxd5 Bxd5 20. Bxd5+ Kh8 21. bxc7
Qxc7 22. Bb2 Nc6 23. Bc3 Ra7 24. Rb5 h5 25. Rfb1 Qe7 26. Qb2 Rfa8 27. c5 Kh7
28. cxd6 Qxd6 29. e4 Nd4 30. Bxd4 exd4 31. e5 Qa3 32. Qxa3 Rxa3 33. Rxb7 Rf8
34. Bc4 Rc3 35. Ra7 Kh8 36. Rbb7 Rc1+ 37. Kf2 Rc2+ 38. Ke1 1-0